| 000 | 00470cam a2200181ua 4500 | ||
|---|---|---|---|
| 001 | 2315 | ||
| 008 | 110806n ii |||gr||||Z||||||eng | ||
| 040 | _cMAIN | ||
| 082 | _a370 | ||
| 100 |
_aMallick, K. N., _eAuithor. |
||
| 245 | 1 |
_aHigher secondary education _cby K. N. Mallick |
|
| 250 | _a2nd. | ||
| 260 |
_aCalcutta: _bSribhumi publishing company,989. |
||
| 300 |
_axii; 133p: _c23cm. |
||
| 653 | _aEducation | ||
| 653 | _aHigher secondary education | ||
| 942 | _cBK | ||
| 999 |
_c2174 _d2174 |
||